WandaVision : 10 personnages - Statistiques

Statistiques générales
  • Ce quiz a été pris 135 fois
  • Le résultat moyen est 6 sur 10
Statistiques - réponses
Hint Réponse % Correct
2 Vision
100%
1 Wanda Maximoff
100%
3 Agatha Harkness
92%
9 Billy Maximoff
86%
8 Tommy Maximoff
76%
5 Monica Rambeau
67%
7 Ralph Bohner / "Pietro"
52%
4 Darcy Lewis
32%
6 Jimmy Woo
27%
10 Sparky
14%
Aucun quiz correspondant
Distribution des résultats
% des personnes avec chaque résultat
Percentile par nombre de réponses
Votre historique - résultats
Vous n’avez pas pris ce quiz